• 首页
  • 本馆介绍
  • 公告通知
  • 最新文献
  • 馆藏检索
  • 电子资源
  • 读者导购
  • 参考咨询
  • 我的图书馆
  • 登录
  • 详细信息显示
  • 放入我的书架
  • 预约/预借图书
  • 作者相关作品
  • 分类相关作品
  • 丛书相关作品
  • 出版社相关作品

书目信息

  • 表格格式
  • 工作单格式
  • 卡片格式
题名:
语言运用概说
    
 
作者: 刘焕辉 著
分册:  
出版信息: 南昌   江西人民出版社  1983
页数: 297页
开本: 19cm
丛书名:
单 册:
中图分类: H146.3
科图分类:
主题词:
电子资源:
ISBN:
000 00631nam0 2200241 45
001 0183011287
005 20040425125511.1
010    @dCNY0.73
091    @a7110.236
100    @a19950512d1983 em y0chiy0121 ea
101 0  @achi
102    @aCN@b360000
105    @ay z 000yy
106    @ar
200 10 @a语言运用概说@Ayu yan yun yong gai shuo@e用词造句@f刘焕辉著
205    @a2版(修订本)
210    @a南昌@c江西人民出版社@d1983
215    @a297页@d19cm
690    @aH146.3
701  0 @a刘焕辉@Aliu huan hui@4著
801  0 @aCN@b上海图书馆@c20040425
801  2 @aCN@bNLC@c20040425
905    @dH146.3@e116@f4@b200044-047
    
    语言运用概说:用词造句/刘焕辉著.-2版(修订本).-南昌:江西人民出版社,1983
    297页;19cm
    
    
    ISBN :CNY0.73
    
●
相关链接 在E读中查询图书 在五车中查询图书 在当当中查询图书 在豆瓣中查询图书


正题名:语言运用概说     索取号:H146.3/116         预约/预借

序号 登录号 条形码 馆藏地/架位号 状态 备注
1 0200044   000861071   密集书库/ [索取号:H146.3/116] 在馆    
2 0200045   000861115   第四借阅区/ [索取号:H146.3/116] 在馆    
3 0200046   000861106   密集书库/ [索取号:H146.3/116] 在馆    
4 0200047   000861062   密集书库/ [索取号:H146.3/116] 在馆    
5 0200048   000861035   第二样本阅览室/ [索取号:H146.3/116] 在馆    
唐山师范学院图书馆 欢迎您!
大连网信软件有限公司© 版权所有